01082 a2200169 45000010006000000050017000060080041000230030015000640400040000790800095001192450138002142640035003523000019003875050378004061000029007848560099008134747320260407155741.0260407a1972 arg spa dAR-UNSa-BCEJYS aAR-UNSa-BCEJYSbspacAR-UNSa-BCEJYS a330.8xHistoria de las teorías, Doctrinas, Dogmas económicos (pensamiento económico)10aEl capitalismo en las ideologías económicas contemporáneaspsu presente y su destino según el moderno pensamiento económico 1aBuenos Aires :bPaidósc1972 a222 p.c23 cm. a1. Breve mirada retrospectiva - 2. Schumpeter y la "destrucción creadora" - 3. La teoría del estancamiento y el reformismo Keynesiano - 4. Teoría y realidad del oligopolio - 5. Supervivencia del ideal de la libre competencia: El neoliberalismo - 6. Kenneth Galbraith y el concepto de los poderes compensatorios - 7. El capitalismo moderno visto por los socialistas - 1 aBallivian Calderon, Rene41uhttps://www.biblioeco.unsa.edu.ar/pmb/images/libros/L127513.jpgyImagen de portadaqimage/jpeg